[Event "Titled Tuesday intern op 13th July"]
[Site "Chess.com INT"]
[Date "2021.07.13"]
[Round "6"]
[White "Poobesh Anand, Selvaraj"]
[Black "Wisniowski, Natalie"]
[Result "0-1"]
[WhiteElo "2389"]
[BlackElo "1693"]
[PlyCount "38"]
[EventDate "2021.07.13"]
[EventType "swiss (blitz)"]
[EventRounds "11"]
[EventCountry "USA"]
[SourceTitle "CBM 203 Extra"]
[Source "ChessBase"]
[SourceDate "2021.09.30"]
[SourceVersion "1"]
[SourceVersionDate "2021.09.30"]
[SourceQuality "1"]

1. e4 c5 2. Nf3 d6 3. d4 cxd4 4. Nxd4 Nf6 5. Nc3 a6 6. Be3 e5 7. Nb3 Be6 8. f3 h5 9. Nd5 Bxd5 10. exd5 Nbd7 11. Be2 Be7 12. 0-0 0-0 13. Qe1 Nxd5 14. Bd2 N7f6 15. c4 Nb6 16. Qh4 Rc8 17. Ba5 Qc7 18. Qf2 Bd8 19. Bxb6 Qxb6 0-1

[Event "Titled Tuesday intern op 29th June"]
[Site "Chess.com INT"]
[Date "2021.06.29"]
[Round "2"]
[White "Poobesh Anand, Selvaraj"]
[Black "Li, Hui"]
[Result "0-1"]
[WhiteElo "2389"]
[BlackElo "1990"]
[PlyCount "62"]
[EventDate "2021.06.29"]
[EventType "swiss (blitz)"]
[EventRounds "11"]
[EventCountry "USA"]
[SourceTitle "CBM 203 Extra"]
[Source "ChessBase"]
[SourceDate "2021.09.30"]
[SourceVersion "1"]
[SourceVersionDate "2021.09.30"]
[SourceQuality "1"]

1. e4 e5 2. Nf3 Nf6 3. Nxe5 d6 4. Nf3 Nxe4 5. d4 d5 6. Bd3 Be7 7. 0-0 Nc6 8. c4 Nb4 9. Be2 0-0 10. a3 Nc6 11. Nc3 Nxc3 12. bxc3 Bf5 13. Bd3 Bxd3 14. Qxd3 Bf6 15. Bf4 Re8 16. Rab1 b6 17. Rfe1 Qd7 18. cxd5 Qxd5 19. Bxc7 Na5 20. Be5 Be7 21. a4 Rac8 22. Rb5 Qc4 23. Qxc4 Nxc4 24. d5 Bd6 25. Bd4 Rxe1+ 26. Nxe1 f6 27. Kf1 Kf7 28. Ke2 Re8+ 29. Kd1 h5 30. Nf3 g5 31. a5 Nxa5 0-1

[Event "Titled Tuesday intern op 29th June"]
[Site "Chess.com INT"]
[Date "2021.06.29"]
[Round "6"]
[White "Zaichenko, Daria"]
[Black "Poobesh Anand, Selvaraj"]
[Result "1-0"]
[WhiteElo "2104"]
[BlackElo "2389"]
[PlyCount "67"]
[EventDate "2021.06.29"]
[EventType "swiss (blitz)"]
[EventRounds "11"]
[EventCountry "USA"]
[SourceTitle "CBM 203 Extra"]
[Source "ChessBase"]
[SourceDate "2021.09.30"]
[SourceVersion "1"]
[SourceVersionDate "2021.09.30"]
[SourceQuality "1"]

1. e4 c5 2. Nf3 Nc6 3. d4 cxd4 4. Nxd4 Nf6 5. Nc3 e5 6. Ndb5 d6 7. Bg5 a6 8. Na3 b5 9. Nd5 Be7 10. Bxf6 Bxf6 11. Be2 Bg5 12. c4 Qa5+ 13. Kf1 0-0 14. Nc2 Be6 15. b4 Qd8 16. cxb5 axb5 17. Bxb5 Na7 18. Bc4 Qc8 19. Bb3 Nb5 20. Nb6 Qa6 21. Nc4 Nc3 22. Qd3 Rfc8 23. N2a3 d5 24. exd5 e4 25. Qxc3 Bf6 26. Qc1 Bxa1 27. b5 Qxa3 28. Qxa3 Rxa3 29. Nxa3 Rc1+ 30. Ke2 Rxh1 31. dxe6 fxe6 32. b6 Kf8 33. Nc4 Ke7 34. b7 1-0

[Event "Titled Tuesday intern op 15th June"]
[Site "Chess.com INT"]
[Date "2021.06.15"]
[Round "6"]
[White "Dahanayake, Isara Banidu"]
[Black "Poobesh Anand, Selvaraj"]
[Result "1-0"]
[WhiteElo "1721"]
[BlackElo "2389"]
[PlyCount "36"]
[EventDate "2021.06.15"]
[EventType "swiss (blitz)"]
[EventRounds "11"]
[EventCountry "USA"]
[SourceTitle "CBM 203 Extra"]
[Source "ChessBase"]
[SourceDate "2021.09.30"]
[SourceVersion "1"]
[SourceVersionDate "2021.09.30"]
[SourceQuality "1"]

1. e4 c5 2. Nf3 Nc6 3. Bb5 g6 4. Bxc6 bxc6 5. 0-0 Bg7 6. d3 e5 7. Be3 d6 8. h3 Ne7 9. Nc3 Rb8 10. Rb1 0-0 11. Qd2 f5 12. Bh6 fxe4 13. Bxg7 Kxg7 14. Nxe4 Bxh3 15. Nfg5 Bc8 16. f4 exf4 17. Qc3+ Kh6 18. Kf2 Kh5 1-0

[Event "Titled Tuesday intern op 15th June"]
[Site "Chess.com INT"]
[Date "2021.06.15"]
[Round "2"]
[White "Poobesh Anand, Selvaraj"]
[Black "Girsh, Daniel"]
[Result "0-1"]
[WhiteElo "2389"]
[BlackElo "1919"]
[PlyCount "54"]
[EventDate "2021.06.15"]
[EventType "swiss (blitz)"]
[EventRounds "11"]
[EventCountry "USA"]
[SourceTitle "CBM 203 Extra"]
[Source "ChessBase"]
[SourceDate "2021.09.30"]
[SourceVersion "1"]
[SourceVersionDate "2021.09.30"]
[SourceQuality "1"]

1. e4 c5 2. Nf3 d6 3. Bb5+ Nd7 4. 0-0 a6 5. Bd3 Ngf6 6. c3 g6 7. Re1 Bg7 8. Bc2 c4 9. d4 cxd3 10. Qxd3 0-0 11. Nbd2 b5 12. a4 Nc5 13. Qe2 bxa4 14. Nc4 Bd7 15. e5 dxe5 16. Nfxe5 Bb5 17. Be3 Qc7 18. Qf3 Rac8 19. Bf4 Ne6 20. Bg3 Bxc4 21. Nxg6 Qa7 22. Nxf8 Bxf8 23. Rxa4 Qb6 24. Be5 Bg7 25. Qf5 Qb5 26. b3 Bxb3 27. Rg4 Bxc2 0-1

[Event "Titled Tuesday intern op 15th June"]
[Site "Chess.com INT"]
[Date "2021.06.15"]
[Round "8"]
[White "Poobesh Anand, Selvaraj"]
[Black "Perez Gormaz, Matias Ariel"]
[Result "0-1"]
[WhiteElo "2389"]
[BlackElo "2413"]
[PlyCount "68"]
[EventDate "2021.06.15"]
[EventType "swiss (blitz)"]
[EventRounds "11"]
[EventCountry "USA"]
[SourceTitle "CBM 203 Extra"]
[Source "ChessBase"]
[SourceDate "2021.09.30"]
[SourceVersion "1"]
[SourceVersionDate "2021.09.30"]
[SourceQuality "1"]

1. e4 c5 2. Nf3 d6 3. Bb5+ Bd7 4. c4 Nf6 5. Nc3 g6 6. d4 cxd4 7. Nxd4 Bg7 8. 0-0 0-0 9. Bxd7 Qxd7 10. Qe2 Rc8 11. b3 Nc6 12. Nxc6 Qxc6 13. Nd5 Nxd5 14. exd5 Qd7 15. Bb2 Bxb2 16. Qxb2 b5 17. Rac1 bxc4 18. bxc4 Rab8 19. Qd4 Rb4 20. Rfe1 Qc7 21. h3 Ra4 22. Re2 f6 23. Qe4 Kf8 24. Rec2 Qd7 25. Qh4 Kg7 26. Qe4 Rc5 27. Re1 Kf7 28. h4 Rc7 29. h5 Qf5 30. Qxf5 gxf5 31. Rec1 Rc5 32. Kh2 Kg7 33. Kh3 Kh6 34. Kh4 Rxd5 0-1

[Event "Titled Tuesday intern op 08th June"]
[Site "Chess.com INT"]
[Date "2021.06.08"]
[Round "8"]
[White "Ciorgovean, Iustin"]
[Black "Poobesh Anand, Selvaraj"]
[Result "1-0"]
[WhiteElo "2305"]
[BlackElo "2389"]
[PlyCount "69"]
[EventDate "2021.06.08"]
[EventType "swiss (blitz)"]
[EventRounds "11"]
[EventCountry "USA"]
[SourceTitle "CBM 202 Extra"]
[Source "ChessBase"]
[SourceDate "2021.07.31"]
[SourceVersion "1"]
[SourceVersionDate "2021.07.31"]
[SourceQuality "1"]

1. d4 Nf6 2. c4 e6 3. Nc3 Bb4 4. e3 0-0 5. Bd2 d5 6. Nf3 c5 7. a3 Bxc3 8. Bxc3 cxd4 9. Nxd4 e5 10. Nf3 e4 11. Nd4 Nc6 12. Be2 Be6 13. Nxe6 fxe6 14. 0-0 Rc8 15. Rc1 Kh8 16. Qb3 Na5 17. Bxa5 Qxa5 18. cxd5 Rxc1 19. Rxc1 Qd2 20. Qc2 Qxc2 21. Rxc2 exd5 22. Rc7 Rb8 23. g4 h6 24. h4 Kg8 25. g5 hxg5 26. hxg5 Ne8 27. Rd7 Rc8 28. Rxd5 Rc1+ 29. Kg2 Rc2 30. Bg4 Rxb2 31. Rd8 Kf7 32. Bh5+ g6 33. Bxg6+ Kxg6 34. Rxe8 Kxg5 35. Rxe4 1-0

[Event "Titled Tuesday intern op 01st June"]
[Site "Chess.com INT"]
[Date "2021.06.01"]
[Round "2"]
[White "Muthaiah, Al"]
[Black "Poobesh Anand, Selvaraj"]
[Result "1-0"]
[WhiteElo "2400"]
[BlackElo "2389"]
[PlyCount "41"]
[EventDate "2021.06.01"]
[EventType "swiss (blitz)"]
[EventRounds "11"]
[EventCountry "USA"]
[SourceTitle "CBM 202 Extra"]
[Source "ChessBase"]
[SourceDate "2021.07.31"]
[SourceVersion "1"]
[SourceVersionDate "2021.07.31"]
[SourceQuality "1"]

1. e4 c5 2. Nf3 Nc6 3. Bb5 g6 4. Bxc6 bxc6 5. 0-0 Bg7 6. c3 Nh6 7. d4 cxd4 8. cxd4 d5 9. e5 0-0 10. h3 f6 11. Nc3 Nf7 12. exf6 exf6 13. b3 Ba6 14. Re1 Re8 15. Bf4 Nd6 16. Rxe8+ Nxe8 17. Rc1 Nd6 18. Na4 Bb5 19. Nc5 Qe7 20. Bxd6 Qxd6 21. a4 1-0

[Event "Titled Tuesday intern op 25th May"]
[Site "Chess.com INT"]
[Date "2021.05.25"]
[Round "2"]
[White "Jarovinsky, Alexey"]
[Black "Poobesh Anand, Selvaraj"]
[Result "1-0"]
[WhiteElo "2305"]
[BlackElo "2389"]
[PlyCount "41"]
[EventDate "2021.05.25"]
[EventType "swiss (blitz)"]
[EventRounds "11"]
[EventCountry "USA"]
[SourceTitle "CBM 203 Extra"]
[Source "ChessBase"]
[SourceDate "2021.09.30"]
[SourceVersion "1"]
[SourceVersionDate "2021.09.30"]
[SourceQuality "1"]

1. Nc3 d5 2. e4 d4 3. Nce2 e5 4. Ng3 f6 5. Bc4 Qe7 6. d3 Be6 7. Bxe6 Qxe6 8. Nf3 Nd7 9. c3 dxc3 10. bxc3 0-0-0 11. 0-0 Nb6 12. d4 h5 13. d5 Qd7 14. Ne2 g5 15. Qb3 h4 16. c4 Bc5 17. Be3 Bxe3 18. fxe3 g4 19. Ne1 Nh6 20. c5 Na8 21. Rb1 1-0

[Event "Titled Tuesday intern op 25th May"]
[Site "Chess.com INT"]
[Date "2021.05.25"]
[Round "8"]
[White "Matveeva, Olga"]
[Black "Poobesh Anand, Selvaraj"]
[Result "1/2-1/2"]
[WhiteElo "2145"]
[BlackElo "2389"]
[PlyCount "108"]
[EventDate "2021.05.25"]
[EventType "swiss (blitz)"]
[EventRounds "11"]
[EventCountry "USA"]
[SourceTitle "CBM 203 Extra"]
[Source "ChessBase"]
[SourceDate "2021.09.30"]
[SourceVersion "1"]
[SourceVersionDate "2021.09.30"]
[SourceQuality "1"]

1. d4 Nf6 2. c4 e6 3. g3 d5 4. Nf3 Be7 5. Bg2 0-0 6. 0-0 dxc4 7. Qc2 a6 8. a4 Bd7 9. Qxc4 Bc6 10. Bf4 Nbd7 11. Nc3 Nb6 12. Qd3 Nfd5 13. e4 Nxf4 14. gxf4 f5 15. e5 Qe8 16. Ng5 Bxg5 17. fxg5 Bxg2 18. Kxg2 f4 19. f3 Qh5 20. Kh1 Qxg5 21. Rg1 Qh6 22. Ne4 Nd5 23. Ng5 Rf5 24. Ne4 Rh5 25. Rg2 Ne3 26. Nf6+ Kh8 27. Nxh5 Nxg2 28. Kxg2 Qxh5 29. Rg1 Rf8 30. Kh1 Qh3 31. Rg4 h5 32. Rg5 Rf5 33. Rxf5 exf5 34. Kg1 Qh4 35. Qd2 Qg5+ 36. Kf1 Qh4 37. d5 Qh3+ 38. Qg2 Qxg2+ 39. Kxg2 Kg8 40. Kh3 g5 41. Kg2 g4 42. Kf2 h4 43. Kg2 Kf7 44. Kf2 g3+ 45. Kg2 Ke7 46. Kg1 a5 47. Kg2 Ke8 48. Kg1 h3 49. Kh1 Ke7 50. Kg1 b6 51. Kh1 Kd7 52. Kg1 Ke7 53. Kh1 Kd7 54. Kg1 Ke7 1/2-1/2

[Event "Titled Tuesday intern op 25th May"]
[Site "Chess.com INT"]
[Date "2021.05.25"]
[Round "10"]
[White "Poobesh Anand, Selvaraj"]
[Black "Szente Varga, Fruzsina"]
[Result "0-1"]
[WhiteElo "2389"]
[BlackElo "2100"]
[PlyCount "96"]
[EventDate "2021.05.25"]
[EventType "swiss (blitz)"]
[EventRounds "11"]
[EventCountry "USA"]
[SourceTitle "CBM 203 Extra"]
[Source "ChessBase"]
[SourceDate "2021.09.30"]
[SourceVersion "1"]
[SourceVersionDate "2021.09.30"]
[SourceQuality "1"]

1. e4 Nf6 2. e5 Nd5 3. c4 Nb6 4. d4 d6 5. exd6 exd6 6. Nf3 Be7 7. Be2 0-0 8. 0-0 Nc6 9. Be3 Bf6 10. Nc3 Bg4 11. b3 d5 12. c5 Nc8 13. Rc1 N8e7 14. h3 Be6 15. Ng5 Nf5 16. Nf3 Re8 17. Bd3 h6 18. Qc2 Nfxd4 19. Nxd4 Nxd4 20. Bxd4 Bxd4 21. Ne2 Bf6 22. Nf4 c6 23. Bh7+ Kh8 24. Bf5 Bxf5 25. Qxf5 Re5 26. Qc2 Qe7 27. Nd3 Re2 28. Qd1 Re8 29. Rc2 Bd4 30. Rxe2 Qxe2 31. Nf4 Bxf2+ 32. Kh1 Qxd1 33. Rxd1 Re1+ 34. Rxe1 Bxe1 35. Nd3 Bd2 36. Kh2 f5 37. Kg3 g5 38. Kf2 Kg7 39. Ke2 Bc3 40. a3 Kf6 41. b4 h5 42. g3 Be5 43. Kf3 Bc3 44. Ke3 a5 45. Kf3 axb4 46. axb4 g4+ 47. hxg4 fxg4+ 48. Kf4 Bd2# 0-1

[Event "Titled Tuesday intern op 25th May"]
[Site "Chess.com INT"]
[Date "2021.05.25"]
[Round "3"]
[White "Sawlin, Leonid"]
[Black "Poobesh Anand, Selvaraj"]
[Result "1-0"]
[WhiteElo "2385"]
[BlackElo "2389"]
[PlyCount "41"]
[EventDate "2021.05.25"]
[EventType "swiss (blitz)"]
[EventRounds "11"]
[EventCountry "USA"]
[SourceTitle "CBM 203 Extra"]
[Source "ChessBase"]
[SourceDate "2021.09.30"]
[SourceVersion "1"]
[SourceVersionDate "2021.09.30"]
[SourceQuality "1"]

1. e4 c5 2. Nf3 Nc6 3. Bb5 g6 4. 0-0 Bg7 5. Re1 Nf6 6. e5 Nd5 7. Nc3 Nc7 8. Bf1 Ne6 9. d3 Qc7 10. Nd5 Qb8 11. g3 Nxe5 12. Nxe5 Bxe5 13. Bh6 Ng7 14. Bg2 Nf5 15. Rxe5 Qxe5 16. Bf4 Qg7 17. Nc7+ Kd8 18. Nxa8 e5 19. Bd2 Nd4 20. c3 Nc6 21. Qa4 1-0

[Event "Titled Tuesday intern op 23rd Feb"]
[Site "Chess.com INT"]
[Date "2021.02.23"]
[Round "6"]
[White "Poobesh Anand, Selvaraj"]
[Black "Sernecki, Franciszek"]
[Result "1-0"]
[WhiteElo "2389"]
[BlackElo "2197"]
[PlyCount "31"]
[EventDate "2021.02.23"]
[EventType "swiss (blitz)"]
[EventRounds "11"]
[EventCountry "USA"]
[SourceTitle "CBM 200 Extra"]
[Source "ChessBase"]
[SourceDate "2021.03.31"]
[SourceVersion "1"]
[SourceVersionDate "2021.03.31"]
[SourceQuality "1"]

1. e4 c6 2. d4 d5 3. e5 c5 4. dxc5 e6 5. Nf3 Bxc5 6. Bd3 Nc6 7. a3 f6 8. b4 Bb6 9. Bb2 Bc7 10. exf6 Nxf6 11. 0-0 0-0 12. Re1 a6 13. c4 Re8 14. Nbd2 e5 15. cxd5 Qxd5 16. Bc4 1-0

[Event "Titled Tuesday intern op 23rd Feb"]
[Site "Chess.com INT"]
[Date "2021.02.23"]
[Round "11"]
[White "Poobesh Anand, Selvaraj"]
[Black "Sviridova, Vlada"]
[Result "0-1"]
[WhiteElo "2389"]
[BlackElo "2144"]
[PlyCount "41"]
[EventDate "2021.02.23"]
[EventType "swiss (blitz)"]
[EventRounds "11"]
[EventCountry "USA"]
[SourceTitle "CBM 200 Extra"]
[Source "ChessBase"]
[SourceDate "2021.03.31"]
[SourceVersion "1"]
[SourceVersionDate "2021.03.31"]
[SourceQuality "1"]

1. e4 e6 2. d4 d5 3. Nc3 Bb4 4. e5 c5 5. a3 Bxc3+ 6. bxc3 Ne7 7. Qg4 0-0 8. Bd3 Nbc6 9. Qh5 Ng6 10. Nf3 Qc7 11. 0-0 c4 12. Be2 f6 13. exf6 Rxf6 14. Bg5 Rf5 15. Nh4 Nf4 16. Qe8+ Rf8 17. Bxf4 Qxf4 18. Qh5 Bd7 19. g3 Qd2 20. f4 Qxc3 21. f5 0-1

[Event "Titled Tuesday intern op 09th Feb"]
[Site "Chess.com INT"]
[Date "2021.02.09"]
[Round "7"]
[White "Bendayan Claros, Aaron Arturo"]
[Black "Poobesh Anand, Selvaraj"]
[Result "1-0"]
[WhiteElo "2167"]
[BlackElo "2389"]
[PlyCount "79"]
[EventDate "2021.02.09"]
[EventType "swiss (blitz)"]
[EventRounds "11"]
[EventCountry "USA"]
[SourceTitle "EXT 2022"]
[Source "ChessBase"]
[SourceDate "2021.10.06"]
[SourceVersion "1"]
[SourceVersionDate "2021.10.06"]
[SourceQuality "1"]

1. d4 Nf6 2. c4 e6 3. Nc3 Bb4 4. e3 0-0 5. Nge2 Re8 6. a3 Bf8 7. d5 a5 8. b3 exd5 9. cxd5 Na6 10. g3 Nc5 11. Bg2 c6 12. Nf4 Bd6 13. 0-0 Bxf4 14. exf4 Nfe4 15. Nxe4 Nxe4 16. Bb2 Qb6 17. Qc2 cxd5 18. Rad1 Qc6 19. Qd3 b6 20. Qd4 Nf6 21. Bxd5 Qc5 22. Qxc5 bxc5 23. Bxa8 Ba6 24. Bf3 Bxf1 25. Kxf1 Re7 26. Bc3 a4 27. bxa4 d5 28. Bxf6 gxf6 29. Rxd5 Ra7 30. Rxc5 Rxa4 31. Rc3 Rd4 32. Bc6 Rd8 33. a4 Rb8 34. a5 Rb1+ 35. Kg2 Ra1 36. Rc5 Kf8 37. Bb7 Ke7 38. a6 Kd6 39. Rh5 h6 40. Rxh6 1-0

[Event "Titled Tuesday intern op 09th Feb"]
[Site "Chess.com INT"]
[Date "2021.02.09"]
[Round "8"]
[White "Poobesh Anand, Selvaraj"]
[Black "Carroll, Peter"]
[Result "0-1"]
[WhiteElo "2389"]
[BlackElo "2059"]
[PlyCount "74"]
[EventDate "2021.02.09"]
[EventType "swiss (blitz)"]
[EventRounds "11"]
[EventCountry "USA"]
[SourceTitle "EXT 2022"]
[Source "ChessBase"]
[SourceDate "2021.10.06"]
[SourceVersion "1"]
[SourceVersionDate "2021.10.06"]
[SourceQuality "1"]

1. e4 d5 2. exd5 Nf6 3. Nf3 Nxd5 4. d4 Bg4 5. Be2 e6 6. 0-0 Nc6 7. c4 Nb6 8. Be3 Be7 9. Nc3 0-0 10. b3 Bf6 11. Rc1 Rb8 12. c5 Nd5 13. Nxd5 Qxd5 14. Bc4 Bxf3 15. Bxd5 Bxd1 16. Bxc6 Bg4 17. Be4 c6 18. Bf4 Rbd8 19. Bd6 Rfe8 20. f3 Bxd4+ 21. Kh1 Bh5 22. Rfd1 e5 23. g4 Bg6 24. Bxg6 hxg6 25. f4 f6 26. b4 b6 27. Kg2 bxc5 28. bxc5 Kf7 29. Rb1 Rd7 30. Rb3 Red8 31. Rdb1 exf4 32. Rb7 g5 33. Kf3 Be5 34. Bxe5 fxe5 35. Ke4 Ke6 36. a3 Rd3 37. R7b4 Re3# 0-1

[Event "Titled Tuesday intern op 02nd Feb"]
[Site "Chess.com INT"]
[Date "2021.02.02"]
[Round "4"]
[White "Poobesh Anand, Selvaraj"]
[Black "Tirado Veliz, Henry Jose"]
[Result "0-1"]
[WhiteElo "2389"]
[BlackElo "2080"]
[PlyCount "60"]
[EventDate "2021.02.02"]
[EventType "swiss (blitz)"]
[EventRounds "11"]
[EventCountry "USA"]
[SourceTitle "CBM 200 Extra"]
[Source "ChessBase"]
[SourceDate "2021.03.31"]
[SourceVersion "1"]
[SourceVersionDate "2021.03.31"]
[SourceQuality "1"]

1. e4 c5 2. Nf3 Nc6 3. Bb5 g6 4. 0-0 Bg7 5. Re1 Nf6 6. e5 Nd5 7. Nc3 Nc7 8. Bxc6 dxc6 9. Ne4 b6 10. d3 Ne6 11. Be3 0-0 12. Neg5 Nd4 13. Bxd4 cxd4 14. e6 f6 15. Nh3 Bh6 16. Qe2 Qd5 17. a4 a5 18. Ra3 c5 19. Rb3 Rb8 20. Nd2 Ba6 21. Nc4 Bxc4 22. dxc4 Qc6 23. Rg3 Kh8 24. Qg4 Rbd8 25. Qh4 Kg7 26. Nf4 Bxf4 27. Qxf4 Rd6 28. Rh3 h5 29. g4 Rxe6 30. Rf1 Re4 0-1

[Event "Titled Tuesday intern op 26th Jan"]
[Site "Chess.com INT"]
[Date "2021.01.26"]
[Round "8"]
[White "Zavivaeva, Evelina"]
[Black "Poobesh Anand, Selvaraj"]
[Result "1-0"]
[WhiteElo "1536"]
[BlackElo "2389"]
[PlyCount "51"]
[EventDate "2021.01.26"]
[EventType "swiss (blitz)"]
[EventRounds "11"]
[EventCountry "USA"]
[SourceTitle "CBM 200 Extra"]
[Source "ChessBase"]
[SourceDate "2021.03.31"]
[SourceVersion "1"]
[SourceVersionDate "2021.03.31"]
[SourceQuality "1"]

1. e4 c5 2. c3 Nf6 3. e5 Nd5 4. d4 d6 5. exd6 cxd4 6. cxd4 e6 7. Nf3 Nc6 8. Nc3 Bxd6 9. Bb5 0-0 10. Bxc6 bxc6 11. Nxd5 exd5 12. 0-0 Re8 13. Bg5 f6 14. Bh4 Bg4 15. Bg3 Rb8 16. Bxd6 Qxd6 17. b3 Rb4 18. Re1 Rxe1+ 19. Qxe1 Bxf3 20. gxf3 Rxd4 21. Qe8+ Qf8 22. Qe6+ Kh8 23. Qxc6 Rd2 24. Re1 d4 25. Re8 Kg8 26. Qe6+ 1-0

[Event "Titled Tuesday intern op 12th Jan"]
[Site "Chess.com INT"]
[Date "2021.01.12"]
[Round "4"]
[White "Daniel, Damian"]
[Black "Poobesh Anand, Selvaraj"]
[Result "1-0"]
[WhiteElo "2186"]
[BlackElo "2389"]
[PlyCount "33"]
[EventDate "2021.01.12"]
[EventType "swiss (blitz)"]
[EventRounds "11"]
[EventCountry "USA"]
[SourceTitle "CBM 200 Extra"]
[Source "ChessBase"]
[SourceDate "2021.03.31"]
[SourceVersion "1"]
[SourceVersionDate "2021.03.31"]
[SourceQuality "1"]

1. Nf3 d5 2. g3 Nf6 3. Bg2 e6 4. c4 Be7 5. 0-0 0-0 6. d4 dxc4 7. Qc2 a6 8. a4 Bd7 9. Rd1 Bc6 10. Qxc4 Bd5 11. Qc2 Nc6 12. Nc3 Nb4 13. Qb1 Bc4 14. b3 Bd5 15. e4 Bc6 16. Ne5 Qd7 17. Nxd7 1-0

[Event "Titled Tuesday intern op 29th Dec"]
[Site "Chess.com INT"]
[Date "2020.12.29"]
[Round "6"]
[White "Katzir, Moshe"]
[Black "Poobesh Anand, Selvaraj"]
[Result "1-0"]
[WhiteElo "2159"]
[BlackElo "2389"]
[PlyCount "57"]
[EventDate "2020.12.29"]
[EventType "swiss (blitz)"]
[EventRounds "11"]
[EventCountry "USA"]
[SourceTitle "CBM 200 Extra"]
[Source "ChessBase"]
[SourceDate "2021.03.31"]
[SourceVersion "1"]
[SourceVersionDate "2021.03.31"]
[SourceQuality "1"]

1. e4 c5 2. c3 Nf6 3. e5 Nd5 4. d4 d6 5. Nf3 Nc6 6. Bc4 Nb6 7. Bb5 cxd4 8. cxd4 g6 9. d5 a6 10. Bxc6+ bxc6 11. dxc6 Bg7 12. Bf4 0-0 13. Nc3 Nc4 14. Qe2 Rb8 15. Rb1 Be6 16. 0-0 dxe5 17. Nxe5 Qd4 18. Nd3 Nxb2 19. Bxb8 Rxb8 20. c7 Rc8 21. Nxb2 Qxc3 22. Rfc1 Qa3 23. Nc4 Bxc4 24. Qxc4 Be5 25. Rb3 Qd6 26. Rd3 Rxc7 27. Rxd6 Bxd6 28. Qxc7 Bxc7 29. Rxc7 1-0

[Event "Titled Tuesday intern op 29th Dec"]
[Site "Chess.com INT"]
[Date "2020.12.29"]
[Round "9"]
[White "Zaichenko, Daria"]
[Black "Poobesh Anand, Selvaraj"]
[Result "1-0"]
[WhiteElo "2104"]
[BlackElo "2389"]
[PlyCount "57"]
[EventDate "2020.12.29"]
[EventType "swiss (blitz)"]
[EventRounds "11"]
[EventCountry "USA"]
[SourceTitle "CBM 200 Extra"]
[Source "ChessBase"]
[SourceDate "2021.03.31"]
[SourceVersion "1"]
[SourceVersionDate "2021.03.31"]
[SourceQuality "1"]

1. e4 c5 2. Nf3 Nc6 3. d4 cxd4 4. Nxd4 Nf6 5. Nc3 e5 6. Ndb5 d6 7. Bg5 a6 8. Na3 b5 9. Nd5 Be7 10. Bxf6 Bxf6 11. c4 b4 12. Nc2 a5 13. Be2 Bg5 14. 0-0 0-0 15. Nce3 Be6 16. b3 Ne7 17. Qd3 Bxe3 18. Qxe3 Bxd5 19. cxd5 f5 20. f4 exf4 21. Rxf4 Rc8 22. Bc4 Rc5 23. e5 Ng6 24. e6 Nxf4 25. e7 Qb6 26. exf8Q+ Kxf8 27. Re1 Kf7 28. Kh1 Ng6 29. Qe6+ 1-0

[Event "Titled Tuesday intern op 22nd Dec"]
[Site "Chess.com INT"]
[Date "2020.12.22"]
[Round "7"]
[White "Poobesh Anand, Selvaraj"]
[Black "Urh, Zala"]
[Result "1-0"]
[WhiteElo "2389"]
[BlackElo "2149"]
[PlyCount "21"]
[EventDate "2020.12.22"]
[EventType "swiss (blitz)"]
[EventRounds "11"]
[EventCountry "USA"]
[SourceTitle "CBM 199 Extra"]
[Source "ChessBase"]
[SourceDate "2021.01.31"]
[SourceVersion "1"]
[SourceVersionDate "2021.01.31"]
[SourceQuality "1"]

1. e4 c5 2. Nf3 Nc6 3. Bb5 g6 4. 0-0 Bg7 5. Nc3 e5 6. Re1 Nge7 7. a4 0-0 8. d3 Kh8 9. Bc4 d6 10. Ng5 Qe8 11. Nb5 1-0